| 000 | 00597nam a2200193 a 4500 | ||
|---|---|---|---|
| 001 | 000024945 | ||
| 005 | 20200930023451.0 | ||
| 008 | 110208s1974 ck r 000 0 spa d | ||
| 040 |
_aDO-SdBNP _bspa _cBNPHU |
||
| 082 |
_axxxxx _bN677g |
||
| 100 | 1 |
_aNietzsche, Friedrich Wilhelm, _d1844-1900 _qNietzsche, Federico _951194 |
|
| 245 | 1 | 0 |
_aGenealogĂa de la moral / _cFederico Nietzsche. |
| 250 | _a2a ed. | ||
| 260 |
_aMedellĂn, Colombia : _bBedout, _c1974. |
||
| 300 |
_a135 p. ; _c18.5 cm. |
||
| 490 | 1 |
_aBolsilibros Bedout ; _v108 |
|
| 830 | 0 |
_aBolsilibros Bedout ; _n108 _951195 |
|
| 049 | _aBNGR | ||
| 999 |
_c24438 _d24438 |
||